U.S States With the Letter Y - Statistics

General Stats
  • This quiz has been taken 103 times
  • The average score is 5 of 6
Answer Stats
U.S States % Correct
New York
96%
New Jersey
88%
Wyoming
88%
Pennsylvania
87%
Kentucky
86%
Maryland
78%
No matching quizzes found
Score Distribution
Percent of People with Each Score
Percentile by Number Answered
Your Score History
You have not taken this quiz